000 00789nas a2200265 4500
001 BR9702547
003 BR-BrBNA
005 20231205100214.0
007 ta
008 230509b bl.|||p| |||| 00| 00por d
040 _aBR-BrBNA
_bpor
_cBiblioteca Nacional de Agricultura
041 _a(Pt)
072 _aH10
100 1 _aCruz, I.
100 1 _aOliveira, A.C.
245 1 _aFlutuacao populacional do predador Doru luteipes Scudder em plantas de milho
650 _aMilho
650 _aLagarta
650 _aPredador
650 _aFlutuacao Populacional
650 _aControle Biologico
773 0 _tPesquisa Agropecuaria Brasileira (Brazil)
_xISSN 0100-204X
_g(Apr 1997), v. 32(4) p. 363-368
_wBR9702547
909 _a202311
_bLúcia
_c55
_dLúcia Elande
942 _2AGRIS
_n0
_cANA
999 _c154756
_d154756